| 000 | 02513cad a22002895a 4500 | ||
|---|---|---|---|
| 001 | L146352 | ||
| 008 | 090112e20081210xxk f v 000 0 eng d | ||
| 035 | _a(Sirsi) u146352 | ||
| 041 | 0 | _aeng | |
| 245 | 0 | 0 |
_aKnowsley Housing Trust v White _bHoneygan-Green v London Borough of Islington and Porter and Shepherds Bush Housing Association _h[electronic resource] |
| 260 | _c2008 | ||
| 520 | _a[2008] UKHL 70, 10 December 2008. Where it was found that an assured tenancy that was subject to a suspended possession order did not end until possession was given up. When making a suspended possession order, the court could direct that an order could be discharged once its terms had been complied with (even if they had not been strictly complied with). A tenanted made subject to such an order who had served notice to the right to buy under the 1985 Act would have the right to buy revived if the order was later discharged. In joined appeals against three prior decisions, it fell to the court to determine how suspended possession status effected secure and assured tenants. Held: Assured tenancies subject to such an order did not come to an end until possession was surrendered. If the decision in the first appeal stood, it would potentially create thousands of tolerated trespassers, which would create further problems (as the status of tolerated trespassers is a grey area of law). The court could order a possession order discharged even if the terms had not been strictly complied with (where all arrears and costs had been paid) and it also found that the right to buy would be revived after said orders were discharged. The appeals of White and Porter were granted, while that of Islington LBC was dismissed. | ||
| 521 | _aAdvanced | ||
| 590 | _aKA | ||
| 650 | 2 | 4 | _aKNOWSLEY HOUSING TRUST V WHITE: HONEYGAN-GREEN V LONDON BOROUGH OF ISLINGTON AND PORTER V SHEPHERDS BUSH HOUSING ASSOCIATION |
| 650 | 2 | 4 | _aBRISTOL CITY COUNCIL V HASSAN AND ANOTHER |
| 650 | 2 | 4 | _aMARSHALL V BRADFORD MDC |
| 650 | 2 | 4 | _aBURROWS V BRENT LBC |
| 650 | 2 | 4 | _aLONDON BOROUGH OF GREENWICH V REGAN |
| 650 | 2 | 4 | _aPAYNE V COOPER |
| 650 | 2 | 4 | _aRENT AND MORTGAGE RESTRICTIONS ACT 1923 |
| 650 | 2 | 4 | _aSWINDON BC V ASTON |
| 651 | 4 |
_aEngland and Wales _y1543- |
|
| 690 | _aPROPERTY-RESIDENTIAL PROPERTY-RESIDENTIAL LANDLORD AND TENANT | ||
| 856 | 4 | 0 |
_uhttps://www.publications.parliament.uk/pa/ld200809/ldjudgmt/jd081210/honey-1.htm _zView the item free of charge online at www.publications.parliament.uk... |
| 942 | _n0 | ||
| 999 |
_c109133 _d109133 |
||